| 000 | 02023cas a2200481 a 4500 | ||
|---|---|---|---|
| 999 |
_c95400 _d95399 |
||
| 005 | 20180607104549.0 | ||
| 008 | 820806c19769999ohuzr i 0 a0eng c | ||
| 080 |
_a54(048.1)(05) _bCHE.118/8 |
||
| 110 | _aAmerican Chemical Society | ||
| 245 | 0 | 0 | _aChemical abstracts. |
| 260 |
_aColumbus, Ohio : _bAmerican Chemical Society, _c1993 |
||
| 300 |
_av. ;p. _c29 cm. |
||
| 490 | _vVol.118 | ||
| 500 | _a"A publication of Chemical Abstracts Service." | ||
| 650 | 0 |
_aChemistry _xAbstracts _vIndexes _vPeriodicals. |
|
| 650 | 0 |
_aChemistry _vIndexes _vPeriodicals. |
|
| 650 | 7 |
_xAbstracts. _2fast |
|
| 653 | _aChemistry- | ||
| 710 | 2 |
_aAmerican Chemical Society. _bChemical Abstracts Service. |
|
| 942 | _cBV | ||
| 022 | 0 |
_a1542-7455 _y0097-6474 _21 |
|
| 222 | 0 | _aChemical abstracts. Collective index. General subjects | |
| 787 | 1 |
_tChemical abstracts _x0009-2258 _w(DLC) 09004698 _w(OCoLC)1553947 |
|